University Home | Library Home | Institutional Repository

New aspects in physiological antitumor substances : (Record no. 133331)

MARC details
000 -LEADER
fixed length control field 01452cam7a220024100 4500
001 - CONTROL NUMBER
control field tmp15765255
003 - CONTROL NUMBER IDENTIFIER
control field UPRA
005 - DATE AND TIME OF LATEST TRANSACTION
control field 20190822114705.0
008 - FIXED-LENGTH DATA ELEMENTS--GENERAL INFORMATION
fixed length control field 951024s1985 xx eng u
020 ## - INTERNATIONAL STANDARD BOOK NUMBER
International Standard Book Number 3805540027
035 ## - SYSTEM CONTROL NUMBER
System control number (Sirsi) r44173
035 ## - SYSTEM CONTROL NUMBER
System control number (UPRA)tmp15765255
040 ## - CATALOGING SOURCE
Transcribing agency UPRA
050 #0 - LIBRARY OF CONGRESS CALL NUMBER
Classification number RC271.I45
Item number Onc 1985
111 1# - MAIN ENTRY--MEETING NAME
Meeting name or jurisdiction name as entry element Oncology Workshop of the Society for Research of Organo- and Immunotherapy, Munich, and the K.E.Theurer Research Laboratories, Stuttgart (1st : 1983 : Ludwigsburg)
Number of part/section/meeting Oncology Workshop of the Society for Research of Organo- and Immunotherapy, Munich, and the K.E.Theurer Research Laboratories, Stuttgart (1st : 1983 : Ludwigsburg)
Date of meeting or treaty signing Oncology Workshop of the Society for Research of Organo- and Immunotherapy, Munich, and the K.E.Theurer Research Laboratories, Stuttgart (1st : 1983 : Ludwigsburg)
Location of meeting Oncology Workshop of the Society for Research of Organo- and Immunotherapy, Munich, and the K.E.Theurer Research Laboratories, Stuttgart (1st : 1983 : Ludwigsburg)
Linkage A103383.1
245 10 - TITLE STATEMENT
Title New aspects in physiological antitumor substances :
Remainder of title experimental and clinical studies with xenogenic peptides and proteins /
Statement of responsibility, etc. edited by G.Gillissen and K.E.Theurer.
260 ## - PUBLICATION, DISTRIBUTION, ETC.
Place of publication, distribution, etc. Basel :
Name of publisher, distributor, etc. Karger,
Date of publication, distribution, etc. c1985.
504 ## - BIBLIOGRAPHY, ETC. NOTE
Bibliography, etc. note Includes bibliographical references.
700 10 - ADDED ENTRY--PERSONAL NAME
Personal name Gillissen, G.
Linkage A103384.1
700 10 - ADDED ENTRY--PERSONAL NAME
Personal name Theurer, K.E.
Linkage A103386.1
949 ## - LOCAL PROCESSING INFORMATION (OCLC)
a RC271.I45
w lcc
i -16176
p 2500
t BOOK
l ON-SHELF

No items available.

© 2026 - The University of Zambia Library - Koha v25.11